[Event "Mid Bohemia Region-chT 2223"]
[Site "Czech Republic"]
[Date "2023.04.02"]
[Round "11.2"]
[White "Fialka, Miroslav"]
[Black "Kaplan, Daniel"]
[Result "0-1"]
[WhiteElo "2008"]
[BlackElo "2026"]
[PlyCount "108"]
[EventDate "2022.10.09"]
[EventType "team-tourn"]
[EventRounds "11"]
[EventCountry "CZE"]
[SourceTitle "EXT 2024"]
[Source "ChessBase"]
[SourceDate "2023.10.10"]
[SourceVersion "1"]
[SourceVersionDate "2023.10.10"]
[SourceQuality "1"]
[WhiteTeam "Brodce"]
[BlackTeam "Nymburk Sokol"]
[WhiteTeamCountry "CZE"]
[BlackTeamCountry "CZE"]

1. d4 d5 2. Nf3 Nf6 3. Bf4 c6 4. c3 Bf5 5. e3 e6 6. Nbd2 Bd6 7. Bg3 0-0 8. Be2 c5 9. Ne5 Nc6 10. f4 Qb6 11. Qb3 c4 12. Qxb6 axb6 13. 0-0 b5 14. a3 Ra7 15. h3 Rfa8 16. Rac1 Ne7 17. Rfe1 Nc8 18. Bf3 Ne4 19. Nxe4 Bxe4 20. Bxe4 dxe4 21. Ng4 f5 22. Ne5 Nb6 23. Re2 Nd5 24. Be1 g6 25. Bd2 Bxe5 26. fxe5 Kf7 27. g3 h5 28. h4 Rg8 29. Rh2 Raa8 30. Kf2 Ke7 31. Rg1 Kd7 32. Ke2 Kc6 33. Be1 Rg7 34. Bf2 Nb6 35. Kd2 Rag8 36. Rgh1 Nd7 37. Be1 Rd8 38. Kc2 Nb6 39. Kd2 Nd5 40. Bf2 Ne7 41. Ke2 Ng8 42. Be1 Nh6 43. Rg2 Ng4 44. Bf2 Rgd7 45. Rgg1 Nxe5 46. Ra1 Nd3 47. Rhb1 Ra8 48. b3 Ra5 49. a4 cxb3 50. axb5+ Rxb5 51. Ra3 Rd8 52. c4 Rb4 53. Be1 Rxc4 54. Raxb3 Nc1+ 0-1

[Event "Hradec Kralove op 9th"]
[Site "Hradec Kralove"]
[Date "2018.10.03"]
[Round "5"]
[White "Malinovsky, Petr"]
[Black "Kaplan, Daniel"]
[Result "1/2-1/2"]
[WhiteElo "2014"]
[BlackElo "2017"]
[PlyCount "37"]
[EventDate "2018.09.30"]
[EventType "swiss"]
[EventRounds "9"]
[EventCountry "CZE"]
[SourceTitle "CBM 186 Extra"]
[Source "ChessBase"]
[SourceDate "2018.08.24"]
[SourceVersion "1"]
[SourceVersionDate "2018.08.24"]
[SourceQuality "1"]

1. d4 d5 2. c4 e6 3. Nc3 Nf6 4. cxd5 exd5 5. Bg5 Nbd7 6. e3 c6 7. Bd3 Be7 8. Nge2 0-0 9. 0-0 Ne8 10. Bxe7 Qxe7 11. Qc2 h6 12. Rae1 Nd6 13. Ng3 Nf6 14. f3 Rd8 15. e4 dxe4 16. fxe4 Nde8 17. Nge2 Ng4 18. Qc1 Qd6 19. Qf4 1/2-1/2

[Event "Ricany op-A"]
[Site "Ricany"]
[Date "2017.08.30"]
[Round "6"]
[White "Kaplan, Daniel"]
[Black "Vojta, Jakub"]
[Result "1/2-1/2"]
[WhiteElo "2057"]
[BlackElo "1930"]
[PlyCount "102"]
[EventDate "2017.08.26"]
[EventType "swiss"]
[EventRounds "9"]
[EventCountry "CZE"]
[SourceTitle "CBM 180 Extra"]
[Source "ChessBase"]
[SourceDate "2017.10.06"]
[SourceVersion "1"]
[SourceVersionDate "2017.10.06"]
[SourceQuality "1"]

1. d4 d5 2. Bg5 f6 3. Bh4 Nh6 4. f3 Nc6 5. e3 e5 6. Bb5 Nf5 7. Bf2 Be7 8. Ne2 0-0 9. 0-0 Be6 10. Nbc3 Nd6 11. Ba4 Nc4 12. Rb1 a6 13. e4 exd4 14. Nxd5 Bxd5 15. exd5 Qxd5 16. Bxc6 bxc6 17. Nxd4 Bc5 18. Re1 Rad8 19. c3 Rfe8 20. Qc2 Qg5 21. h4 Qd5 22. Rbd1 Qf7 23. b3 Ne5 24. Re2 Qh5 25. Rde1 Bd6 26. Qe4 c5 27. Nf5 Bf8 28. Ng3 Qf7 29. Qa4 Re7 30. Qxa6 Red7 31. Qa4 c4 32. bxc4 Nd3 33. Rd1 Rd6 34. Rb1 Re6 35. Qc2 Nxf2 36. Kxf2 Rde8 37. Rxe6 Qxe6 38. Qe4 Qa6 39. Qxe8 Qxa2+ 40. Ne2 Qxb1 41. Qe6+ Kh8 42. Qe8 Kg8 43. Qe6+ Kh8 44. Qc8 Qb6+ 45. Kf1 Qc5 46. Qe6 h6 47. Nf4 Bd6 48. Qe8+ Kh7 49. Qg6+ Kh8 50. Qe8+ Kh7 51. Qg6+ Kh8 1/2-1/2

[Event "Ricany op-A"]
[Site "Ricany"]
[Date "2017.08.28"]
[Round "4"]
[White "Kaplan, Daniel"]
[Black "Laurincova, Kristyna"]
[Result "1/2-1/2"]
[WhiteElo "2057"]
[BlackElo "1854"]
[PlyCount "46"]
[EventDate "2017.08.26"]
[EventType "swiss"]
[EventRounds "9"]
[EventCountry "CZE"]
[SourceTitle "CBM 180 Extra"]
[Source "ChessBase"]
[SourceDate "2017.10.06"]
[SourceVersion "1"]
[SourceVersionDate "2017.10.06"]
[SourceQuality "1"]

1. e4 c5 2. Nf3 Nc6 3. d4 cxd4 4. Nxd4 g6 5. Nc3 Bg7 6. Be3 Nf6 7. f4 0-0 8. Be2 Qb6 9. Nxc6 Qxe3 10. Nxe7+ Kh8 11. Qd2 Qxd2+ 12. Kxd2 Re8 13. Nxc8 Nxe4+ 14. Nxe4 Rxe4 15. Bd3 Re6 16. Nxa7 Rxa7 17. c3 Ra5 18. Rae1 Rh5 19. Rxe6 dxe6 20. h3 Bh6 21. Rf1 Rh4 22. Ke3 e5 23. Rf3 f5 1/2-1/2

[Event "Ricany op-A"]
[Site "Ricany"]
[Date "2017.08.26"]
[Round "1"]
[White "Hampel, Rudolf"]
[Black "Kaplan, Daniel"]
[Result "0-1"]
[WhiteElo "1772"]
[BlackElo "2057"]
[PlyCount "38"]
[EventDate "2017.08.26"]
[EventType "swiss"]
[EventRounds "9"]
[EventCountry "CZE"]
[SourceTitle "CBM 180 Extra"]
[Source "ChessBase"]
[SourceDate "2017.10.06"]
[SourceVersion "1"]
[SourceVersionDate "2017.10.06"]
[SourceQuality "1"]

1. e4 e5 2. Nf3 Nc6 3. Bc4 Nf6 4. d3 Be7 5. 0-0 0-0 6. Be3 d5 7. exd5 Nxd5 8. Nc3 Nxc3 9. bxc3 Bg4 10. h3 Bh5 11. g4 Bg6 12. d4 e4 13. Nd2 Na5 14. Be2 f5 15. f4 exf3 16. Bxf3 fxg4 17. Bxg4 Qd6 18. Bf2 Rae8 19. Re1 Rxf2 0-1

[Event "Rakovnik Regional-chT 1415"]
[Site "Rakovnik"]
[Date "2014.11.09"]
[Round "2.3"]
[White "Kaplan, Daniel"]
[Black "Cermak, Michal1111"]
[Result "1/2-1/2"]
[WhiteElo "2130"]
[BlackElo "2019"]
[PlyCount "112"]
[EventDate "2014.10.19"]
[EventType "team-tourn"]
[EventRounds "11"]
[EventCountry "CZE"]
[SourceTitle "EXT 2016"]
[Source "ChessBase"]
[SourceDate "2015.10.08"]
[SourceVersion "1"]
[SourceVersionDate "2015.10.08"]
[SourceQuality "1"]
[WhiteTeam "Nymburk Sokol"]
[BlackTeam "Lysa nad Labem IV"]
[WhiteTeamCountry "CZE"]
[BlackTeamCountry "CZE"]

1. d4 d5 2. c4 e6 3. Nf3 Nf6 4. Bg5 Be7 5. e3 0-0 6. Bd3 Nbd7 7. 0-0 c6 8. Nc3 dxc4 9. Bxc4 b5 10. Bd3 a6 11. Ne4 Nxe4 12. Bxe7 Qxe7 13. Bxe4 Bb7 14. Rc1 Rac8 15. Nd2 f5 16. Bf3 e5 17. Nb3 e4 18. Be2 c5 19. dxc5 Nxc5 20. Nxc5 Rxc5 21. Rxc5 Qxc5 22. Qd7 Bc8 23. Qd2 Be6 24. Rc1 Qd5 25. Qxd5 Bxd5 26. a3 Kf7 27. g3 Rd8 28. Rc5 Be6 29. Rc2 Kf6 30. Kf1 Rd6 31. Ke1 g5 32. Rc7 h6 33. Rc5 Bd5 34. Rc8 Ke5 35. Rc5 f4 36. exf4+ gxf4 37. gxf4+ Kxf4 38. Rc8 Rg6 39. Kf1 Be6 40. Rc3 Bd5 41. Rc8 Rc6 42. Rxc6 Bxc6 43. a4 bxa4 44. Bxa6 Kg4 45. Be2+ Kf4 46. Ba6 e3 47. Bd3 Bd7 48. Ba6 Ke4 49. Ke2 Bg4+ 50. Ke1 exf2+ 51. Kxf2 Kd4 52. Bb5 Bd1 53. Kg3 Ke3 54. Kh4 Kd2 55. Bxa4 Bxa4 56. Kh5 Kc2 1/2-1/2

[Event "Rakovnik Regional-chT 1415"]
[Site "Rakovnik"]
[Date "2014.10.19"]
[Round "1.3"]
[White "Skalicky, Tomas"]
[Black "Kaplan, Daniel"]
[Result "1-0"]
[WhiteElo "2068"]
[BlackElo "2130"]
[PlyCount "119"]
[EventDate "2014.10.19"]
[EventType "team-tourn"]
[EventRounds "11"]
[EventCountry "CZE"]
[SourceTitle "EXT 2016"]
[Source "ChessBase"]
[SourceDate "2015.10.08"]
[SourceVersion "1"]
[SourceVersionDate "2015.10.08"]
[SourceQuality "1"]
[WhiteTeam "Ricany II"]
[BlackTeam "Nymburk Sokol"]
[WhiteTeamCountry "CZE"]
[BlackTeamCountry "CZE"]

1. Nc3 d5 2. d4 Nf6 3. Bg5 e6 4. e4 dxe4 5. Nxe4 Be7 6. Bxf6 Bxf6 7. Nf3 b6 8. Bd3 Bb7 9. c3 Nd7 10. 0-0 0-0 11. Qe2 Qe7 12. Rad1 c5 13. Bb5 Rfd8 14. Bxd7 Rxd7 15. Nxf6+ gxf6 16. dxc5 Rxd1 17. Rxd1 Qxc5 18. Rd4 Kh8 19. Rd7 Rb8 20. Rxf7 Qf5 21. Ne1 a5 22. Qd3 Be4 23. Qd4 e5 24. Qd6 Rg8 25. Qxf6+ Qxf6 26. Rxf6 Rd8 27. Kf1 b5 28. Ke2 Bd5 29. b3 a4 30. Nf3 axb3 31. axb3 Re8 32. Rf5 Bxb3 33. Rxe5 Bc4+ 34. Ke3 Ra8 35. Nd4 Ra2 36. g3 Kg7 37. h4 Kf6 38. Rf5+ Kg7 39. Nxb5 Re2+ 40. Kf3 Rc2 41. Rc5 Bxb5 42. Rxb5 Rxc3+ 43. Kg4 Kg6 44. h5+ Kh6 45. Rb6+ Kg7 46. h6+ Kf7 47. f4 Rc5 48. f5 Ra5 49. Kg5 Ra8 50. Rb7+ Kg8 51. g4 Kh8 52. Kh5 Re8 53. g5 Rf8 54. Kg4 Rg8 55. Rd7 Ra8 56. g6 hxg6 57. fxg6 Ra4+ 58. Kg5 Ra5+ 59. Kf6 Ra6+ 60. Kf7 1-0

[Event "CZE-chT2C 1112"]
[Site "Czech Republic"]
[Date "2012.03.04"]
[Round "9.6"]
[White "Rut, Vojtech"]
[Black "Kaplan, Daniel"]
[Result "1-0"]
[WhiteElo "1998"]
[BlackElo "2074"]
[PlyCount "85"]
[EventDate "2011.10.09"]
[EventType "team-tourn"]
[EventRounds "11"]
[EventCountry "CZE"]
[SourceTitle "EXT 2013"]
[Source "ChessBase"]
[SourceDate "2012.11.22"]
[SourceVersion "1"]
[SourceVersionDate "2012.11.22"]
[SourceQuality "1"]
[WhiteTeam "Vysehrad II"]
[BlackTeam "Kolin"]
[WhiteTeamCountry "CZE"]
[BlackTeamCountry "CZE"]

1. d4 d5 2. Nf3 Nf6 3. c4 e6 4. g3 c5 5. Bg2 dxc4 6. Qa4+ Bd7 7. Qxc4 Bc6 8. 0-0 Bd5 9. Qc3 cxd4 10. Qxd4 Nc6 11. Qa4 Ne4 12. Be3 Qa5 13. Qxa5 Nxa5 14. Nbd2 Nc4 15. Nxc4 Bxc4 16. Nd4 Nd6 17. Bf4 Ba6 18. Rac1 Rd8 19. Rc7 Nc4 20. Nc6 Ra8 21. Rd1 e5 22. Bxe5 f6 23. Bd5 Nd6 24. Bxd6 Bxd6 25. Bf7+ Kf8 26. Rxd6 bxc6 27. e3 Be2 28. Bb3 Bf3 29. Rf7+ Ke8 30. Rxg7 h5 31. Rxf6 Bg4 32. Rff7 a5 33. Ra7 Rxa7 34. Rxa7 Rh6 35. Rxa5 Rd6 36. Kg2 Rd2 37. Rc5 Rxb2 38. Rxc6 Bf5 39. Bd5 Kd7 40. Ra6 Bd3 41. Rh6 Rb1 42. a4 Be2 43. h4 1-0

[Event "CZE-chT2C 1112"]
[Site "Czech Republic"]
[Date "2011.11.20"]
[Round "3.4"]
[White "Kaplan, Daniel"]
[Black "Sonsky, Miroslav"]
[Result "1/2-1/2"]
[WhiteElo "2074"]
[BlackElo "1944"]
[PlyCount "92"]
[EventDate "2011.10.09"]
[EventType "team-tourn"]
[EventRounds "11"]
[EventCountry "CZE"]
[SourceTitle "EXT 2013"]
[Source "ChessBase"]
[SourceDate "2012.11.22"]
[SourceVersion "1"]
[SourceVersionDate "2012.11.22"]
[SourceQuality "1"]
[WhiteTeam "Kolin"]
[BlackTeam "Turnov Zikuda III"]
[WhiteTeamCountry "CZE"]
[BlackTeamCountry "CZE"]

1. e4 e5 2. Nf3 Nc6 3. Bc4 Be7 4. 0-0 d6 5. h3 Nf6 6. Re1 0-0 7. c3 Nxe4 8. Rxe4 d5 9. Bxd5 Qxd5 10. Re1 Bf6 11. Qb3 Qxb3 12. axb3 Be6 13. b4 a6 14. Na3 Rfd8 15. Nc2 g6 16. Ne3 e4 17. Nh2 Ne5 18. Neg4 Nxg4 19. Nxg4 Bxg4 20. hxg4 Re8 21. Kf1 Rad8 22. Ra5 c6 23. Ra4 Re6 24. b5 axb5 25. Raxe4 Rxe4 26. Rxe4 Kf8 27. Ke2 g5 28. d3 Rd5 29. c4 bxc4 30. dxc4 Rd7 31. b3 Be7 32. Re5 h6 33. Re3 Bc5 34. Re4 f6 35. f3 Kf7 36. Bd2 Re7 37. Rxe7+ Bxe7 38. Kd3 Ke6 39. Ke4 Bc5 40. Bc3 Bd6 41. Ba5 Be7 42. Bc7 Kd7 43. Bb8 Ke6 44. Ba7 Bd6 45. Bb6 Ba3 46. Be3 Bd6 1/2-1/2

[Event "CZE-chT2C 1112"]
[Site "Czech Republic"]
[Date "2011.10.09"]
[Round "1.5"]
[White "Cakl, Zdenek"]
[Black "Kaplan, Daniel"]
[Result "1-0"]
[WhiteElo "2078"]
[BlackElo "2074"]
[PlyCount "91"]
[EventDate "2011.10.09"]
[EventType "team-tourn"]
[EventRounds "11"]
[EventCountry "CZE"]
[SourceTitle "EXT 2013"]
[Source "ChessBase"]
[SourceDate "2012.11.22"]
[SourceVersion "1"]
[SourceVersionDate "2012.11.22"]
[SourceQuality "1"]
[WhiteTeam "Liberec"]
[BlackTeam "Kolin"]
[WhiteTeamCountry "CZE"]
[BlackTeamCountry "CZE"]

1. Nf3 g6 2. e4 Bg7 3. d4 d6 4. Bc4 Nf6 5. Nc3 0-0 6. 0-0 c6 7. e5 Ne8 8. Bg5 d5 9. Bd3 Nc7 10. h3 Nd7 11. Qd2 c5 12. dxc5 Nxe5 13. Nxe5 Bxe5 14. Rfe1 f6 15. Bh6 Rf7 16. Rad1 Bxc3 17. Qxc3 Bd7 18. Qb4 Qc8 19. Rxe7 Rxe7 20. c6 Qd8 21. cxd7 Rxd7 22. Re1 d4 23. Qxb7 Nd5 24. Qa6 Qb6 25. Qa4 Rad8 26. Re8+ Kf7 27. Rf8+ Ke7 28. Qa3+ Qd6 29. Rxd8 Kxd8 30. Qa5+ Qb6 31. Qa3 Qb4 32. Qa6 Qb6 33. Qa3 Qb4 34. Qa6 Qe1+ 35. Bf1 Qe5 36. Qc6 Nb6 37. Bf8 Rc7 38. Qf3 Rxc2 39. Qb3 Rc1 40. Qg8 Qd5 41. Qh8 Kc7 42. Qxh7+ Qd7 43. Qh6 Re1 44. Qd2 Qe8 45. Bb4 Qe4 46. Qxe1 1-0

[Event "CZE-chT2C 1011"]
[Site "Czech Republic"]
[Date "2011.04.10"]
[Round "11.6"]
[White "Kaplan, Daniel"]
[Black "Urban, Zdenek"]
[Result "1-0"]
[WhiteElo "2038"]
[BlackElo "2205"]
[PlyCount "133"]
[EventDate "2010.10.17"]
[EventType "team-tourn"]
[EventRounds "11"]
[EventCountry "CZE"]
[SourceTitle "EXT 2012"]
[Source "ChessBase"]
[SourceDate "2011.11.24"]
[SourceVersion "1"]
[SourceVersionDate "2011.11.24"]
[SourceQuality "1"]
[WhiteTeam "Kolin"]
[BlackTeam "Jicin II"]
[WhiteTeamCountry "CZE"]
[BlackTeamCountry "CZE"]

1. Nf3 c5 2. d4 e6 3. e3 Nf6 4. Be2 d5 5. 0-0 Nc6 6. c4 dxc4 7. dxc5 Bd7 8. Bxc4 Bxc5 9. Nc3 a6 10. a3 b5 11. Ba2 b4 12. axb4 Nxb4 13. Bc4 Qc7 14. Qe2 0-0 15. e4 Bc6 16. Bg5 Ng4 17. Bh4 Bd6 18. h3 Ne5 19. Nxe5 Bxe5 20. Rfd1 Bb7 21. Ra4 a5 22. Raa1 Rfc8 23. Bb5 Nc6 24. Ba4 Qb6 25. Rd7 Bxc3 26. bxc3 Ne5 27. Rdd1 Rxc3 28. Rab1 Ba6 29. Qd2 Qc7 30. Bg3 Rd3 31. Qb2 Rxg3 32. fxg3 Nd3 33. Qb6 Qxg3 34. Rb3 h6 35. Bc6 Rc8 36. Qxa6 Qe3+ 37. Kh1 Nf2+ 38. Kh2 Qxb3 39. Qxc8+ Kh7 40. Rf1 Qe3 41. Qc7 Qe2 42. Bb5 Qd2 43. Qg3 Nxe4 44. Qd3 Qb4 45. Rb1 Qd6+ 46. Qxd6 Nxd6 47. Bd3+ g6 48. Ra1 Kg7 49. Rxa5 Nc8 50. Kg3 Kf6 51. Kf3 h5 52. Ra6 Ne7 53. Be4 Kg5 54. g3 Ng8 55. Bc6 Nh6 56. Be8 Kf6 57. Ra7 g5 58. Ke4 Kg7 59. Ke5 Kg6 60. Ba4 Kg7 61. Bc2 Ng8 62. Bd1 Nf6 63. Be2 Kg6 64. Bd3+ Kg7 65. Rb7 Nd5 66. Bc4 h4 67. Bxd5 1-0

[Event "Prague op-A 09th"]
[Site "Prague"]
[Date "2010.01.08"]
[Round "1"]
[White "Kaplan, Daniel"]
[Black "Kulhanek, Tomas"]
[Result "0-1"]
[WhiteElo "2091"]
[BlackElo "2441"]
[PlyCount "78"]
[EventDate "2010.01.08"]
[EventType "swiss"]
[EventRounds "9"]
[EventCountry "CZE"]
[SourceTitle "CBM 134 Extra"]
[Source "ChessBase"]
[SourceDate "2010.03.03"]
[SourceVersion "1"]
[SourceVersionDate "2010.03.03"]
[SourceQuality "1"]

1. e4 c5 2. Nf3 Nc6 3. d4 cxd4 4. Nxd4 g6 5. Nc3 Bg7 6. Be3 Nf6 7. Be2 0-0 8. 0-0 d5 9. exd5 Nxd5 10. Nxd5 Nxd4 11. Bxd4 Qxd5 12. Bxg7 Qxd1 13. Raxd1 Kxg7 14. Bf3 Be6 15. a3 Rac8 16. Rd2 b6 17. Rfd1 Rc5 18. c3 Rfc8 19. Bd5 Bxd5 20. Rxd5 Kf6 21. f3 a5 22. Kf2 Ke6 23. Rxc5 Rxc5 24. Rd4 h5 25. Ke3 Re5+ 26. Re4 a4 27. Kd3 Rxe4 28. Kxe4 Kd6 29. Kd4 e5+ 30. Kc4 f5 31. g3 Kc6 32. h3 Kd6 33. g4 hxg4 34. hxg4 e4 35. fxe4 fxg4 36. Kd4 g3 37. Ke3 Ke5 38. Kf3 g2 39. Kxg2 Kxe4 0-1

[Event "CZE-chT2C 0910"]
[Site "Czech Republic"]
[Date "2009.11.22"]
[Round "3.6"]
[White "Dosedel, Jiri"]
[Black "Kaplan, Daniel"]
[Result "1-0"]
[WhiteElo "2119"]
[BlackElo "2091"]
[PlyCount "67"]
[EventDate "2009.10.18"]
[EventType "team-tourn"]
[EventRounds "11"]
[EventCountry "CZE"]
[SourceTitle "EXT 2011"]
[Source "ChessBase"]
[SourceDate "2010.11.26"]
[SourceVersion "1"]
[SourceVersionDate "2010.11.26"]
[SourceQuality "1"]
[WhiteTeam "Lipa"]
[BlackTeam "Kolin"]
[WhiteTeamCountry "CZE"]
[BlackTeamCountry "CZE"]

1. Nf3 d5 2. g3 f5 3. Bg2 Nf6 4. d4 e6 5. 0-0 Be7 6. c4 c6 7. b3 0-0 8. Ba3 Ne4 9. Bxe7 Qxe7 10. Ne5 Nd7 11. Nxd7 Bxd7 12. f3 Nd6 13. Nc3 dxc4 14. e4 fxe4 15. fxe4 Rxf1+ 16. Qxf1 cxb3 17. axb3 Rf8 18. Qd3 a6 19. e5 Nf5 20. Be4 Qg5 21. Rf1 g6 22. Bxf5 Rxf5 23. Ne4 Rxf1+ 24. Kxf1 Qf5+ 25. Kg2 Kg7 26. Qe2 c5 27. Nxc5 Bc6+ 28. Kg1 Bd5 29. b4 g5 30. Nd7 g4 31. Nf6 Bf3 32. Qd2 h6 33. Qc1 Qd3 34. Qc7+ 1-0

[Event "CZE-chT2C 0809"]
[Site "Czech Republic"]
[Date "2008.12.21"]
[Round "5.5"]
[White "Kaplan, Daniel"]
[Black "Postupa, Pavel1111"]
[Result "1-0"]
[WhiteElo "2131"]
[BlackElo "2154"]
[PlyCount "79"]
[EventDate "2008.10.12"]
[EventType "team-tourn"]
[EventRounds "11"]
[EventCountry "CZE"]
[SourceTitle "EXT 2010"]
[Source "ChessBase"]
[SourceDate "2010.11.25"]
[SourceVersion "1"]
[SourceVersionDate "2010.11.25"]
[SourceQuality "1"]
[WhiteTeam "Kolin"]
[BlackTeam "Lysa nad Labem II"]
[WhiteTeamCountry "CZE"]
[BlackTeamCountry "CZE"]

1. e4 c5 2. Nf3 d6 3. d4 cxd4 4. Nxd4 Nf6 5. Nc3 a6 6. Be2 e5 7. Nb3 Be6 8. 0-0 Nbd7 9. f4 Qc7 10. Kh1 Be7 11. f5 Bc4 12. Bxc4 Qxc4 13. Qd3 Rc8 14. Be3 0-0 15. Rac1 Rfd8 16. Rfd1 h6 17. h3 Qc7 18. Qe2 b5 19. Qf2 b4 20. Nd5 Nxd5 21. exd5 a5 22. Nd2 Bg5 23. Bxg5 hxg5 24. Ne4 f6 25. c4 Nc5 26. Nxc5 Qxc5 27. Qxc5 Rxc5 28. b3 a4 29. Rd3 Ra8 30. Rd2 axb3 31. axb3 Ra3 32. Rb2 Rca5 33. Kh2 Kf7 34. Rcc2 Ra1 35. g4 Ke7 36. Kg2 Kd7 37. Kg3 Kc7 38. h4 gxh4+ 39. Kxh4 Rh1+ 40. Rh2 1-0

[Event "CZE-chT2C 0809"]
[Site "Czech Republic"]
[Date "2008.12.07"]
[Round "4.4"]
[White "Kaplan, Daniel"]
[Black "Zahorbensky, Jaroslav"]
[Result "1-0"]
[WhiteElo "2131"]
[BlackElo "2145"]
[PlyCount "77"]
[EventDate "2008.10.12"]
[EventType "team-tourn"]
[EventRounds "11"]
[EventCountry "CZE"]
[SourceTitle "EXT 2010"]
[Source "ChessBase"]
[SourceDate "2010.11.25"]
[SourceVersion "1"]
[SourceVersionDate "2010.11.25"]
[SourceQuality "1"]
[WhiteTeam "Kolin"]
[BlackTeam "Mlada Boleslav"]
[WhiteTeamCountry "CZE"]
[BlackTeamCountry "CZE"]

1. e4 e5 2. Nf3 Nc6 3. Bc4 Bc5 4. b4 Bxb4 5. c3 Be7 6. d4 d6 7. Qb3 Na5 8. Bxf7+ Kf8 9. Qa4 Kxf7 10. Qxa5 b6 11. Qa4 Bf6 12. 0-0 Be6 13. Bb2 Qe8 14. Qc2 Ne7 15. dxe5 dxe5 16. Nxe5+ Bxe5 17. f4 Bd6 18. Nd2 Qc6 19. c4 Ke8 20. f5 Bf7 21. e5 Bxe5 22. Bxe5 Qc5+ 23. Kh1 Qxe5 24. Rae1 Qc5 25. f6 gxf6 26. Ne4 Qxc4 27. Nxf6+ Kd8 28. Qd2+ Kc8 29. Qd7+ Kb7 30. Rc1 Nc6 31. Rxc4 Bxc4 32. Rc1 Rad8 33. Qf5 b5 34. h3 Rhf8 35. Rxc4 Kb6 36. Qc5+ Ka5 37. a4 a6 38. axb5 axb5 39. Rc1 1-0

[Event "CZE-chT2c 0607"]
[Site "Czech Republic"]
[Date "2007.02.25"]
[Round "8.3"]
[White "Stastny, Jan"]
[Black "Kaplan, Daniel"]
[Result "1/2-1/2"]
[WhiteElo "2235"]
[BlackElo "2072"]
[PlyCount "45"]
[EventDate "2006.10.15"]
[EventType "team"]
[EventRounds "11"]
[EventCountry "CZE"]
[SourceTitle "EXT 2008"]
[Source "ChessBase"]
[SourceDate "2007.11.25"]
[SourceVersion "1"]
[SourceVersionDate "2007.11.25"]
[SourceQuality "1"]
[WhiteTeam "Polabiny II"]
[BlackTeam "Kolin"]
[WhiteTeamCountry "CZE"]
[BlackTeamCountry "CZE"]

1. e4 e5 2. Nf3 Nc6 3. Nc3 Nf6 4. d4 exd4 5. Nd5 Be7 6. Bf4 d6 7. Nxd4 0-0 8. Nb5 Nxd5 9. exd5 Ne5 10. Be2 Ng6 11. Bg3 Bf6 12. c3 a6 13. Nd4 Bxd4 14. Qxd4 Re8 15. Qd2 Qe7 16. h4 Bd7 17. Kf1 Qf6 18. Qg5 Bb5 19. Bxb5 Qxg5 20. hxg5 axb5 21. a3 Ne5 22. Rh4 Nd3 23. Rb1 1/2-1/2